Advanced Dietary Fibre Technology /

Furkejuvvon:
Bibliográfalaš dieđut
Searvvušdahkki: Dietary Fibre Conference ( Irlanda)
Eará dahkkit: McCleary, Barry V. (edición) (edición), Prosky, Leon (edición) (edición)
Materiálatiipa: Konfereansapublikašuvdna Girji
Giella:eaŋgalasgiella
Almmustuhtton: Oxford, Inglaterra : Blackwell, 2001, c2001
Fáttát:
Fáddágilkorat: Lasit fáddágilkoriid
Eai fáddágilkorat, Lasit vuosttaš fáddágilkora!

MARC

LEADER 00000nam^a2200000^a^4500
001 000184650
005 20250521000000.0
009 20260310102123.326
020 |a 0-632-05634-7 
037 |a Acervo ITESO - Biblioteca 
041 |a ING 
082 |a 612. 39  |b DIE 2000 
111 |a Dietary Fibre Conference (  |d 2000 :  |c Irlanda) 
245 1 0 |a Advanced Dietary Fibre Technology /  |c Ed. de B.V. McCleary, L. Prosky. 
264 4 |a Oxford, Inglaterra :  |b Blackwell,  |c 2001, c2001 
300 |a XXV, 534 p. 
336 |a texto  |b txt  |2 rdacontenido 
337 |a sin mediación  |b n  |2 rdamedio 
338 |a volumen  |b nc  |2 rdasoporte 
649 |a XX 
650 |a Fibra en Nutrición -  |x Congresos -  |x Tema Principal 
650 |a Insulina 
650 |a Enzimas 
650 |a Fructanos 
650 |a Polisacáridos 
650 |a Carbohidratos 
650 |a Alimentos y Bebidas -  |x Composición 
650 |a Hidrocoloides 
650 |a Reología 
650 |a Dieta 
650 |a Salud 
650 |a Metabolismo 
650 |a Tecnología 
650 |a Fisicoquímica 
650 |a Fisiología 
700 |a McCleary, Barry V.  |e (edición) 
700 |a Prosky, Leon  |e (edición) 
910 |a Fondo General 
920 |a Impresos - Libros 
930 |a Colección General 
905 |a 101 
901 |a 0500125710  |b IT1  |c ACC  |u 20250521 
902 |a https://opac.biblio.iteso.mx/vufind/Record/000184650